000 00333nam a22001217a 4500
999 _c3047
_d3047
005 20200929104223.0
008 200929b ||||| |||| 00| 0 eng d
020 _a9780552162975
040 _cCML
245 _a Caught in the Light.
_cGoddard, R.
260 _aLondon
_bTransworld Publishers
_c1988
942 _2ddc
_cBK
_e1st Edition
_kF
_mGOD